[Event "ESP-chT 2nd Division 2019"]
[Site "Linares"]
[Date "2019.08.21"]
[Round "4.25"]
[White "Marti Puig, Patricia"]
[Black "Estevez Sacristan, Deva"]
[Result "1-0"]
[WhiteElo "1683"]
[BlackElo "1957"]
[Annotator "NA"]
[PlyCount "127"]
[EventDate "2019.08.19"]
[EventType "team-tourn"]
[EventCountry "ESP"]
[SourceTitle "playchess.com"]
[Source "ChessBase"]
[SourceQuality "1"]
[TimeControl "5400+30"]

1. e4 {[%emt 0:00:00]} c5 {[%emt 0:00:00]} 2. c3 {[%emt 0:00:00]} g6 {[%emt 0:00:00]} 3. d4 {[%emt 0:00:20]} cxd4 {[%emt 0:00:01]} 4. cxd4 {[%emt 0:00:15]} d5 {[%emt 0:00:15]} 5. e5 {[%emt 0:02:50]} Nc6 {[%emt 0:01:01]} 6. Be3 {[%emt 0:07:19]} Bg7 {[%emt 0:01:01]} 7. f4 {[%emt 0:01:38]} Nh6 {[%emt 0:02:42]} 8. Nf3 {[%emt 0:05:38]} O-O {[%emt 0:01:37]} 9. Nc3 {[%emt 0:01:26]} Nf5 {[%emt 0:06:48]} 10. Qd2 {[%emt 0:02:16]} a6 {[%emt 0:11:42]} 11. Be2 {[%emt 0:09:59]} b5 {[%emt 0:12:22]} 12. O-O {[%emt 0:01:35]} Na5 {[%emt 0:02:49]} 13. b3 {[%emt 0:03:27]} Bb7 {[%emt 0:03:57]} 14. Rac1 {[%emt 0:03:58]} Rc8 {[%emt 0:01:56]} 15. g4 {[%emt 0:04:59]} Nxe3 {[%emt 0:00:26]} 16. Qxe3 {[%emt 0:00:07]} Qd7 {[%emt 0:07:40]} 17. Ng5 {[%emt 0:05:22]} e6 {[%emt 0:01:54]} 18. f5 {[%emt 0:12:45]} exf5 {[%emt 0:07:37]} 19. gxf5 {[%emt 0:00:09]} Bh6 {[%emt 0:09:00]} 20. f6 {[%emt 0:16:01]} Nc6 {[%emt 0:02:18]} 21. h4 {[%emt 0:01:07]} Rfe8 {[%emt 0:04:03]} 22. Qf4 {[%emt 0:04:55]} Nd8 {[%emt 0:01:59]} 23. Bg4 {[%emt 0:02:18]} Ne6 {[%emt 0:01:10]} 24. Bxe6 {[%emt 0:00:48]} Rxe6 {[%emt 0:01:37]} 25. Qg4 {[%emt 0:00:13]} Rd6 {[%emt 0:02:51]} 26. Qxd7 {[%emt 0:01:53]} Rxd7 {[%emt 0:00:06]} 27. e6 {[%emt 0:00:20]} fxe6 {[%emt 0:04:02]} 28. Ne2 {[%emt 0:05:33]} Bxg5 {[%emt 0:04:06]} 29. hxg5 {[%emt 0:00:07]} Rdc7 {[%emt 0:02:39]} 30. Rxc7 {[%emt 0:01:52]} Rxc7 {[%emt 0:00:04]} 31. Rc1 {[%emt 0:00:18]} Rxc1+ {[%emt 0:05:35]} 32. Nxc1 {[%emt 0:00:01]} b4 {[%emt 0:00:47]} 33. Nd3 {[%emt 0:00:04]} a5 {[%emt 0:00:45]} 34. Nc5 {[%emt 0:00:06]} Bc8 {[%emt 0:00:58]} 35. Kf2 {[%emt 0:00:06]} Kf7 {[%emt 0:00:43]} 36. Nd3 {[%emt 0:03:29]} Bb7 {[%emt 0:00:47]} 37. Ne5+ {[%emt 0:00:04]} Kf8 {[%emt 0:00:29]} 38. Ke3 {[%emt 0:00:07]} Ke8 {[%emt 0:00:28]} 39. Kf4 {[%emt 0:00:22]} Ba6 {[%emt 0:00:28]} 40. Nc6 {[%emt 0:01:09]} Bd3 {[%emt 0:00:41]} 41. Ke5 {[%emt 0:00:38]} Kd7 {[%emt 0:00:32]} 42. Nxa5 {[%emt 0:00:21]} Ba6 {[%emt 0:00:19]} 43. Nc6 {[%emt 0:00:37]} Ke8 {[%emt 0:00:39]} 44. Kxe6 {[%emt 0:00:15]} Bc8+ {[%emt 0:00:24]} 45. Kxd5 {[%emt 0:00:15]} Kf7 {[%emt 0:00:34]} 46. Nxb4 {[%emt 0:00:15]} h5 {[%emt 0:00:17]} 47. gxh6 {[%emt 0:00:18]} Kxf6 {[%emt 0:00:10]} 48. Ke4 {[%emt 0:01:32]} g5 {[%emt 0:00:12]} 49. Nd3 {[%emt 0:00:46]} Bf5+ {[%emt 0:00:19]} 50. Ke3 {[%emt 0:00:46]} Kg6 {[%emt 0:00:43]} 51. h7 {[%emt 0:00:24]} Kxh7 {[%emt 0:00:08]} 52. Ne5 {[%emt 0:00:08]} Kg7 {[%emt 0:00:18]} 53. b4 {[%emt 0:00:37]} Kf6 {[%emt 0:00:11]} 54. a4 {[%emt 0:00:19]} Ke6 {[%emt 0:00:41]} 55. b5 {[%emt 0:00:21]} Kd5 {[%emt 0:01:00]} 56. b6 {[%emt 0:00:44]} Bc8 {[%emt 0:00:11]} 57. a5 {[%emt 0:00:16]} Bb7 {[%emt 0:00:35]} 58. Nd3 {[%emt 0:01:58]} Kc6 {[%emt 0:01:17]} 59. Nc5 {[%emt 0:00:28]} Bc8 {[%emt 0:00:08]} 60. b7 {[%emt 0:00:56]} Bxb7 {[%emt 0:00:16]} 61. Nxb7 {[%emt 0:00:04]} Kxb7 {[%emt 0:00:10]} 62. d5 {[%emt 0:00:40]} Ka6 {[%emt 0:00:44]} 63. d6 {[%emt 0:00:11]} Kb7 {[%emt 0:00:10]} 64. a6+ {[%emt 0:00:15]} 1-0

[Event "ESP-chT 2nd Division 2019"]
[Site "Linares"]
[Date "2019.08.21"]
[Round "4.26"]
[White "Adla, Diego"]
[Black "Gago Padreny, Ignacio"]
[Result "1/2-1/2"]
[WhiteElo "2424"]
[BlackElo "2258"]
[Annotator "NA"]
[PlyCount "85"]
[EventDate "2019.08.19"]
[EventType "team-tourn"]
[EventCountry "ESP"]
[SourceTitle "playchess.com"]
[Source "ChessBase"]
[SourceQuality "1"]
[TimeControl "5400+30"]

1. c4 {[%emt 0:00:00]} e5 {[%emt 0:00:00]} 2. Nc3 {[%emt 0:00:00]} Nf6 {[%emt 0:00:00]} 3. Nf3 {[%emt 0:00:00]} Nc6 {[%emt 0:00:00]} 4. e4 {[%emt 0:00:34]} Bc5 {[%emt 0:02:10]} 5. Nxe5 {[%emt 0:00:13]} Nxe5 {[%emt 0:00:58]} 6. d4 {[%emt 0:00:05]} Bb4 {[%emt 0:00:07]} 7. dxe5 {[%emt 0:00:06]} Nxe4 {[%emt 0:00:14]} 8. Qf3 {[%emt 0:00:16]} Qh4 {[%emt 0:19:10]} 9. Be2 {[%emt 0:36:48]} Nxc3 {[%emt 0:10:09]} 10. bxc3 {[%emt 0:00:06]} Bc5 {[%emt 0:15:45]} 11. O-O {[%emt 0:00:57]} O-O {[%emt 0:12:22]} 12. Bf4 {[%emt 0:10:19]} Rb8 {[%emt 0:05:31]} 13. Rad1 {[%emt 0:03:52]} b6 {[%emt 0:00:12]} 14. Bg3 {[%emt 0:00:18]} Qg5 {[%emt 0:03:43]} 15. h4 {[%emt 0:04:45]} Qh6 {[%emt 0:01:50]} 16. h5 {[%emt 0:03:05]} Bb7 {[%emt 0:06:52]} 17. Qg4 {[%emt 0:00:25]} f5 {[%emt 0:11:35]} 18. exf6 {[%emt 0:21:00]} Qxf6 {[%emt 0:00:01]} 19. Qxd7 {[%emt 0:00:43]} Rbe8 {[%emt 0:00:20]} 20. Bd3 {[%emt 0:08:20]} Qg5 {[%emt 0:03:27]} 21. Qh3 {[%emt 0:00:15]} Qf6 {[%emt 0:02:13]} 22. Kh1 {[%emt 0:00:42]} Qxc3 {[%emt 0:00:20]} 23. Bd6 {[%emt 0:01:18]} Qf6 {[%emt 0:02:41]} 24. Bxf8 {[%emt 0:00:12]} Rxf8 {[%emt 0:00:01]} 25. f3 {[%emt 0:00:44]} Bc8 {[%emt 0:00:15]} 26. g4 {[%emt 0:00:10]} Bd6 {[%emt 0:00:37]} 27. Be4 {[%emt 0:00:25]} Qf4 {[%emt 0:00:25]} 28. Rde1 {[%emt 0:00:35]} Kh8 {[%emt 0:00:20]} 29. Bd5 {[%emt 0:03:10]} Bd7 {[%emt 0:01:08]} 30. Rg1 {[%emt 0:01:29]} Qd2 {[%emt 0:00:26]} 31. Rd1 {[%emt 0:01:18]} Qf4 {[%emt 0:00:20]} 32. Rg2 {[%emt 0:00:29]} Re8 {[%emt 0:00:36]} 33. Qh4 {[%emt 0:00:19]} Qe5 {[%emt 0:01:31]} 34. g5 {[%emt 0:01:15]} Rf8 {[%emt 0:00:07]} 35. h6 {[%emt 0:00:53]} Rf4 {[%emt 0:01:09]} 36. hxg7+ {[%emt 0:00:16]} Qxg7 {[%emt 0:00:20]} 37. Qh5 {[%emt 0:00:10]} Qg6 {[%emt 0:00:56]} 38. Qxg6 {[%emt 0:00:41]} Rh4+ {[%emt 0:00:01]} 39. Kg1 {[%emt 0:00:03]} Bc5+ {[%emt 0:00:08]} 40. Kf1 {[%emt 0:00:02]} hxg6 {[%emt 0:00:07]} 41. Be4 {[%emt 0:01:32]} Bh3 {[%emt 0:00:32]} 42. Bd5 Bd7 43. Ke2 1/2-1/2

[Event "ESP-chT 2nd Division 2019"]
[Site "Linares"]
[Date "2019.08.21"]
[Round "4.27"]
[White "Alcazar Jimenez, Jesus"]
[Black "Glavina, Pablo"]
[Result "1/2-1/2"]
[WhiteElo "2160"]
[BlackElo "2407"]
[Annotator "NA"]
[PlyCount "81"]
[EventDate "2019.08.19"]
[EventType "team-tourn"]
[EventCountry "ESP"]
[SourceTitle "playchess.com"]
[Source "ChessBase"]
[SourceQuality "1"]
[TimeControl "5400+30"]

1. e4 {[%emt 0:00:06]} e5 {[%emt 0:00:00]} 2. Nf3 {[%emt 0:01:03]} Nc6 {[%emt 0:00:00]} 3. Bc4 {[%emt 0:01:02]} Nf6 {[%emt 0:00:00]} 4. d3 {[%emt 0:00:27]} Bc5 {[%emt 0:00:00]} 5. O-O {[%emt 0:00:45]} O-O {[%emt 0:00:00]} 6. c3 {[%emt 0:01:28]} d6 {[%emt 0:00:01]} 7. Bb3 {[%emt 0:00:28]} a5 {[%emt 0:00:05]} 8. h3 {[%emt 0:01:36]} Be6 {[%emt 0:00:06]} 9. Bc2 {[%emt 0:01:42]} Ba7 {[%emt 0:03:41]} 10. Re1 {[%emt 0:04:59]} Ne7 {[%emt 0:00:40]} 11. Nbd2 {[%emt 0:05:35]} Ng6 {[%emt 0:00:06]} 12. Nf1 {[%emt 0:00:54]} h6 {[%emt 0:00:12]} 13. Ng3 {[%emt 0:05:35]} Qd7 {[%emt 0:07:00]} 14. d4 {[%emt 0:03:19]} c6 {[%emt 0:01:28]} 15. Be3 {[%emt 0:08:14]} Rfe8 {[%emt 0:10:31]} 16. Qd2 {[%emt 0:04:52]} Rad8 {[%emt 0:07:14]} 17. d5 {[%emt 0:12:37]} Bxh3 {[%emt 0:00:10]} 18. gxh3 {[%emt 0:20:58]} Qxh3 {[%emt 0:00:06]} 19. Bd3 {[%emt 0:00:12]} Bxe3 {[%emt 0:01:16]} 20. Rxe3 {[%emt 0:02:51]} cxd5 {[%emt 0:00:08]} 21. Bf1 {[%emt 0:02:58]} Qe6 {[%emt 0:00:26]} 22. Rd1 {[%emt 0:05:20]} dxe4 {[%emt 0:00:34]} 23. Nxe4 {[%emt 0:02:24]} Ng4 {[%emt 0:07:25]} 24. Rd3 {[%emt 0:03:32]} Qxa2 {[%emt 0:04:53]} 25. Rxd6 {[%emt 0:01:46]} Rc8 {[%emt 0:02:04]} 26. Qd5 {[%emt 0:02:01]} Qxd5 {[%emt 0:00:39]} 27. R1xd5 {[%emt 0:00:07]} Ra8 {[%emt 0:01:53]} 28. Rb5 {[%emt 0:00:56]} Re7 {[%emt 0:00:13]} 29. Bh3 {[%emt 0:03:02]} h5 {[%emt 0:00:04]} 30. Bxg4 {[%emt 0:00:19]} hxg4 {[%emt 0:00:05]} 31. Nh2 {[%emt 0:00:01]} Nh4 {[%emt 0:00:26]} 32. Rdd5 {[%emt 0:01:12]} f5 {[%emt 0:00:30]} 33. Nd6 {[%emt 0:00:53]} Ra6 {[%emt 0:05:13]} 34. Nxb7 {[%emt 0:00:57]} Rg6 {[%emt 0:00:05]} 35. Rxe5 {[%emt 0:02:30]} g3 {[%emt 0:00:03]} 36. fxg3 {[%emt 0:00:45]} Rxg3+ {[%emt 0:00:04]} 37. Kf1 {[%emt 0:00:20]} Rd7 {[%emt 0:00:04]} 38. Red5 {[%emt 0:00:36]} Re7 {[%emt 0:00:26]} 39. Re5 {[%emt 0:00:33]} Rd7 {[%emt 0:00:03]} 40. Red5 {[%emt 0:00:24]} Re7 {[%emt 0:00:04]} 41. Re5 {[%emt 0:00:25]} 1/2-1/2

[Event "ESP-chT 2nd Division 2019"]
[Site "Linares"]
[Date "2019.08.21"]
[Round "4.28"]
[White "Quintin Navarro, Alberto"]
[Black "Garcia Salamero, Gabriel"]
[Result "1-0"]
[WhiteElo "2376"]
[BlackElo "2168"]
[Annotator "NA"]
[PlyCount "110"]
[EventDate "2019.08.19"]
[EventType "team-tourn"]
[EventCountry "ESP"]
[SourceTitle "playchess.com"]
[Source "ChessBase"]
[SourceQuality "1"]
[TimeControl "5400+30"]

1. d4 {[%emt 0:00:00]} d5 {[%emt 0:00:00]} 2. c4 {[%emt 0:00:00]} e6 {[%emt 0:00:00]} 3. Nf3 {[%emt 0:00:00]} Nf6 {[%emt 0:00:00]} 4. g3 {[%emt 0:00:00]} Be7 {[%emt 0:00:00]} 5. Bg2 {[%emt 0:00:00]} O-O {[%emt 0:00:00]} 6. O-O {[%emt 0:00:00]} b6 {[%emt 0:00:00]} 7. Nc3 {[%emt 0:00:06]} Bb7 {[%emt 0:00:00]} 8. cxd5 {[%emt 0:00:08]} exd5 {[%emt 0:05:27]} 9. Ne5 {[%emt 0:01:35]} Nbd7 {[%emt 0:04:41]} 10. Qa4 {[%emt 0:01:25]} Nb8 {[%emt 0:11:17]} 11. Rd1 {[%emt 0:03:57]} h6 {[%emt 0:05:54]} 12. Bf4 {[%emt 0:01:56]} a6 {[%emt 0:00:03]} 13. Rac1 {[%emt 0:00:55]} Bd6 {[%emt 0:04:40]} 14. Qb3 {[%emt 0:02:00]} c6 {[%emt 0:02:20]} 15. e4 {[%emt 0:01:07]} Bc7 {[%emt 0:06:36]} 16. exd5 {[%emt 0:05:30]} cxd5 {[%emt 0:00:57]} 17. Ng6 {[%emt 0:05:37]} Bxf4 {[%emt 0:06:25]} 18. Nxf4 {[%emt 0:00:08]} Nc6 {[%emt 0:04:56]} 19. Ncxd5 {[%emt 0:02:08]} Na5 {[%emt 0:06:16]} 20. Nxf6+ {[%emt 0:07:51]} Qxf6 {[%emt 0:00:02]} 21. Qb4 {[%emt 0:01:56]} Bxg2 {[%emt 0:00:57]} 22. Kxg2 {[%emt 0:00:10]} Rfd8 {[%emt 0:01:01]} 23. Qc3 {[%emt 0:05:03]} Rd6 {[%emt 0:04:12]} 24. d5 {[%emt 0:17:38]} Qxc3 {[%emt 0:04:59]} 25. Rxc3 {[%emt 0:00:06]} b5 {[%emt 0:00:15]} 26. b3 {[%emt 0:01:39]} Rad8 {[%emt 0:00:56]} 27. Rc7 {[%emt 0:00:29]} Kf8 {[%emt 0:03:39]} 28. Ra7 {[%emt 0:05:12]} R8d7 {[%emt 0:01:58]} 29. Ra8+ {[%emt 0:01:42]} Rd8 {[%emt 0:00:01]} 30. Rxd8+ {[%emt 0:00:18]} Rxd8 {[%emt 0:00:02]} 31. Kf3 {[%emt 0:00:22]} Ke7 {[%emt 0:06:20]} 32. Ke4 {[%emt 0:01:21]} Kd6 {[%emt 0:01:00]} 33. Rc1 {[%emt 0:01:36]} Re8+ {[%emt 0:08:09]} 34. Kd3 {[%emt 0:08:32]} g5 {[%emt 0:01:25]} 35. Ne2 {[%emt 0:00:28]} f5 {[%emt 0:05:42]} 36. Nd4 {[%emt 0:08:16]} Re5 {[%emt 0:00:13]} 37. Rc8 {[%emt 0:00:33]} Nb7 {[%emt 0:01:47]} 38. b4 {[%emt 0:00:47]} Rxd5 {[%emt 0:03:02]} 39. Rf8 {[%emt 0:02:15]} Kc7 {[%emt 0:01:17]} 40. Rf7+ {[%emt 0:01:20]} Kb6 {[%emt 0:01:02]} 41. Rxf5 {[%emt 0:00:13]} Rd6 {[%emt 0:00:33]} 42. Ke4 {[%emt 0:00:27]} Rg6 {[%emt 0:01:03]} 43. Ke5 {[%emt 0:00:57]} Nd6 {[%emt 0:00:53]} 44. Rf6 {[%emt 0:02:12]} Rxf6 {[%emt 0:00:01]} 45. Kxf6 {[%emt 0:00:10]} Ne4+ {[%emt 0:00:01]} 46. Kg6 {[%emt 0:00:09]} Nxf2 {[%emt 0:00:02]} 47. h4 {[%emt 0:03:31]} Ne4 {[%emt 0:01:42]} 48. Kxh6 {[%emt 0:00:10]} gxh4 {[%emt 0:01:33]} 49. gxh4 {[%emt 0:00:06]} Kc7 {[%emt 0:00:12]} 50. Kg6 {[%emt 0:00:17]} Kd6 {[%emt 0:00:48]} 51. h5 {[%emt 0:00:13]} Ke5 {[%emt 0:00:36]} 52. h6 {[%emt 0:00:33]} Nf6 {[%emt 0:00:08]} 53. Nc6+ {[%emt 0:00:41]} Ke6 {[%emt 0:00:01]} 54. h7 {[%emt 0:00:29]} Nxh7 {[%emt 0:00:07]} 55. Kxh7 {[%emt 0:00:06]} Kd5 1-0

[Event "ESP-chT 2nd Division 2019"]
[Site "Linares"]
[Date "2019.08.21"]
[Round "4.29"]
[White "Garcia Garrido, Antonio"]
[Black "Vela Frago, Alberto"]
[Result "1-0"]
[WhiteElo "2136"]
[BlackElo "2155"]
[Annotator "NA"]
[PlyCount "50"]
[EventDate "2019.08.19"]
[EventType "team-tourn"]
[EventCountry "ESP"]
[SourceTitle "playchess.com"]
[Source "ChessBase"]
[SourceQuality "1"]
[TimeControl "5400+30"]

1. e4 {[%emt 0:00:00]} e5 {[%emt 0:00:00]} 2. Nf3 {[%emt 0:00:00]} Nc6 {[%emt 0:00:00]} 3. Bc4 {[%emt 0:00:20]} Nf6 {[%emt 0:00:21]} 4. d3 {[%emt 0:01:30]} Bc5 {[%emt 0:00:06]} 5. c3 {[%emt 0:00:23]} d6 {[%emt 0:01:11]} 6. Qe2 {[%emt 0:04:52]} O-O {[%emt 0:01:10]} 7. O-O {[%emt 0:00:40]} a5 {[%emt 0:02:02]} 8. a4 {[%emt 0:00:40]} Be6 {[%emt 0:01:56]} 9. Bxe6 {[%emt 0:10:58]} fxe6 {[%emt 0:00:08]} 10. Be3 {[%emt 0:00:05]} Bxe3 {[%emt 0:02:30]} 11. fxe3 {[%emt 0:00:19]} d5 {[%emt 0:04:19]} 12. Nbd2 {[%emt 0:05:37]} Qd7 {[%emt 0:05:14]} 13. d4 {[%emt 0:14:08]} Nxe4 {[%emt 0:06:51]} 14. Nxe4 {[%emt 0:04:01]} dxe4 {[%emt 0:00:39]} 15. Ng5 {[%emt 0:02:11]} exd4 {[%emt 0:10:40]} 16. exd4 {[%emt 0:00:48]} Qd5 {[%emt 0:00:20]} 17. Qg4 {[%emt 0:04:11]} e5 {[%emt 0:21:25]} 18. Ne6 {[%emt 0:02:29]} Qd7 {[%emt 0:00:21]} 19. d5 {[%emt 0:00:11]} Na7 {[%emt 0:02:00]} 20. Qxe4 {[%emt 0:00:41]} Rxf1+ {[%emt 0:03:43]} 21. Rxf1 {[%emt 0:00:09]} Re8 {[%emt 0:07:08]} 22. Qxe5 {[%emt 0:09:18]} c6 {[%emt 0:00:12]} 23. Qf5 {[%emt 0:00:13]} Qe7 {[%emt 0:01:54]} 24. d6 {[%emt 0:01:06]} Qxe6 {[%emt 0:01:39]} 25. d7 {[%emt 0:00:06]} Qxd7 1-0

[Event "ESP-chT 2nd Division 2019"]
[Site "Linares"]
[Date "2019.08.21"]
[Round "4.30"]
[White "Roque Sola, Gisela"]
[Black "Collado Barbas, Laura"]
[Result "0-1"]
[WhiteElo "2048"]
[BlackElo "2070"]
[Annotator "NA"]
[PlyCount "80"]
[EventDate "2019.08.19"]
[EventType "team-tourn"]
[EventCountry "ESP"]
[SourceTitle "playchess.com"]
[Source "ChessBase"]
[SourceQuality "1"]
[TimeControl "5400+30"]

1. c4 {[%emt 0:00:00]} e6 {[%emt 0:00:00]} 2. Nf3 {[%emt 0:00:00]} d5 {[%emt 0:00:00]} 3. b3 {[%emt 0:00:23]} d4 {[%emt 0:03:23]} 4. Bb2 {[%emt 0:02:09]} c5 {[%emt 0:00:26]} 5. g3 {[%emt 0:00:55]} Nc6 {[%emt 0:00:27]} 6. Bg2 {[%emt 0:00:29]} Be7 {[%emt 0:01:48]} 7. O-O {[%emt 0:02:34]} Nf6 {[%emt 0:05:11]} 8. e3 {[%emt 0:05:25]} O-O {[%emt 0:01:28]} 9. Na3 {[%emt 0:07:56]} Ne8 {[%emt 0:11:08]} 10. exd4 {[%emt 0:07:53]} cxd4 {[%emt 0:01:05]} 11. Re1 {[%emt 0:02:18]} Bf6 {[%emt 0:03:59]} 12. d3 {[%emt 0:04:50]} a5 {[%emt 0:17:58]} 13. Nc2 {[%emt 0:10:39]} Nc7 {[%emt 0:10:33]} 14. a3 {[%emt 0:06:10]} e5 {[%emt 0:13:07]} 15. b4 {[%emt 0:01:05]} axb4 {[%emt 0:00:39]} 16. axb4 {[%emt 0:00:16]} Rxa1 {[%emt 0:01:02]} 17. Bxa1 {[%emt 0:01:17]} b5 {[%emt 0:03:40]} 18. Nd2 {[%emt 0:07:39]} Bb7 {[%emt 0:02:04]} 19. Be4 {[%emt 0:02:16]} Qd6 {[%emt 0:02:12]} 20. Qf3 {[%emt 0:03:57]} Nxb4 {[%emt 0:05:17]} 21. Bxb7 {[%emt 0:12:31]} Nxc2 {[%emt 0:00:06]} 22. Rc1 {[%emt 0:00:11]} Nxa1 {[%emt 0:00:34]} 23. Rxa1 {[%emt 0:00:04]} bxc4 {[%emt 0:01:02]} 24. Nxc4 {[%emt 0:00:36]} Qe6 {[%emt 0:01:57]} 25. Rb1 {[%emt 0:04:41]} Rd8 {[%emt 0:01:24]} 26. Rb6 {[%emt 0:01:37]} Qe7 {[%emt 0:00:18]} 27. Bc6 {[%emt 0:05:00]} Ne6 {[%emt 0:06:14]} 28. Rb7 {[%emt 0:01:23]} Ng5 {[%emt 0:01:15]} 29. Qg2 {[%emt 0:03:23]} Qc5 {[%emt 0:04:15]} 30. h4 {[%emt 0:02:52]} Nh3+ {[%emt 0:01:48]} 31. Qxh3 {[%emt 0:02:45]} Qxc6 {[%emt 0:00:07]} 32. Rb6 {[%emt 0:00:05]} Qf3 {[%emt 0:00:40]} 33. Rd6 {[%emt 0:02:34]} Ra8 {[%emt 0:00:49]} 34. Ra6 {[%emt 0:00:08]} Rd8 {[%emt 0:00:30]} 35. Rd6 {[%emt 0:00:04]} Rf8 {[%emt 0:00:27]} 36. Nb6 {[%emt 0:00:55]} h6 {[%emt 0:00:29]} 37. Qd7 {[%emt 0:00:59]} Qxd3 {[%emt 0:00:24]} 38. Nd5 {[%emt 0:00:09]} Qf3 {[%emt 0:00:35]} 39. Nxf6+ {[%emt 0:00:17]} gxf6 {[%emt 0:00:02]} 40. Qe7 {[%emt 0:00:06]} Ra8 {[%emt 0:00:18]} 0-1

[Event "ESP-chT 2nd Division 2019"]
[Site "Linares"]
[Date "2019.08.21"]
[Round "4.31"]
[White "Ayats Llobera, Gerard"]
[Black "Torres Sanchez, Jose"]
[Result "1-0"]
[WhiteElo "2377"]
[BlackElo "2304"]
[Annotator "NA"]
[PlyCount "107"]
[EventDate "2019.08.19"]
[EventType "team-tourn"]
[EventCountry "ESP"]
[SourceTitle "playchess.com"]
[Source "ChessBase"]
[SourceQuality "1"]
[TimeControl "5400+30"]

1. e4 {[%emt 0:00:00]} c5 {[%emt 0:00:00]} 2. Nf3 {[%emt 0:00:00]} Nc6 {[%emt 0:00:18]} 3. d4 {[%emt 0:00:08]} cxd4 {[%emt 0:00:16]} 4. Nxd4 {[%emt 0:00:02]} Qb6 {[%emt 0:01:02]} 5. Nb3 {[%emt 0:00:35]} Nf6 {[%emt 0:00:32]} 6. Nc3 {[%emt 0:00:30]} e6 {[%emt 0:02:20]} 7. Be3 {[%emt 0:00:06]} Qc7 {[%emt 0:00:08]} 8. a3 {[%emt 0:00:04]} a6 {[%emt 0:00:59]} 9. f4 {[%emt 0:11:46]} d6 {[%emt 0:03:09]} 10. g4 {[%emt 0:03:40]} g5 {[%emt 0:06:14]} 11. fxg5 {[%emt 0:01:08]} Nd7 {[%emt 0:00:08]} 12. Bg2 {[%emt 0:11:13]} Nde5 {[%emt 0:00:38]} 13. O-O {[%emt 0:00:26]} Nc4 {[%emt 0:10:37]} 14. Bc1 {[%emt 0:04:15]} N4e5 {[%emt 0:08:26]} 15. h3 {[%emt 0:10:20]} Bd7 {[%emt 0:10:02]} 16. Ne2 {[%emt 0:01:15]} O-O-O {[%emt 0:21:19]} 17. Ng3 {[%emt 0:01:04]} h6 {[%emt 0:02:00]} 18. Qe2 {[%emt 0:03:30]} Kb8 {[%emt 0:06:31]} 19. Nh5 {[%emt 0:05:49]} Rc8 {[%emt 0:02:18]} 20. Nf6 {[%emt 0:01:36]} Ng6 {[%emt 0:03:00]} 21. gxh6 {[%emt 0:07:42]} Rxh6 {[%emt 0:02:30]} 22. Bxh6 {[%emt 0:13:10]} Bxh6 {[%emt 0:00:15]} 23. Rad1 {[%emt 0:00:01]} Nce5 {[%emt 0:02:49]} 24. Nxd7+ {[%emt 0:00:31]} Qxd7 {[%emt 0:00:05]} 25. Qf2 {[%emt 0:02:11]} Qc7 {[%emt 0:00:50]} 26. Nd4 {[%emt 0:00:59]} Bg5 {[%emt 0:00:38]} 27. c3 {[%emt 0:03:19]} Rh8 {[%emt 0:00:49]} 28. Nf3 {[%emt 0:02:26]} Nxf3+ {[%emt 0:00:39]} 29. Qxf3 {[%emt 0:00:03]} Qb6+ {[%emt 0:02:58]} 30. Kh1 {[%emt 0:00:16]} Ne5 {[%emt 0:00:08]} 31. Qf2 {[%emt 0:01:27]} Qc7 {[%emt 0:02:50]} 32. Qd4 {[%emt 0:00:46]} Be7 {[%emt 0:01:29]} 33. Kg1 {[%emt 0:07:36]} Rc8 {[%emt 0:00:28]} 34. Rf4 {[%emt 0:05:26]} Qc6 {[%emt 0:00:39]} 35. a4 {[%emt 0:01:26]} Qe8 {[%emt 0:00:21]} 36. b3 {[%emt 0:00:53]} Qh8 {[%emt 0:00:16]} 37. Rf2 {[%emt 0:01:35]} Qh4 {[%emt 0:00:46]} 38. Qe3 {[%emt 0:01:10]} Ka8 {[%emt 0:02:19]} 39. a5 {[%emt 0:00:14]} Bg5 {[%emt 0:01:18]} 40. Qe1 {[%emt 0:00:01]} Qg3 {[%emt 0:00:56]} 41. Rf1 {[%emt 0:00:28]} Qxe1 {[%emt 0:03:49]} 42. Rfxe1 {[%emt 0:00:11]} Rxc3 {[%emt 0:00:13]} 43. Rxd6 {[%emt 0:00:06]} Rxb3 {[%emt 0:00:18]} 44. Ra1 {[%emt 0:01:03]} Rb2 {[%emt 0:00:25]} 45. Kh1 {[%emt 0:00:29]} Bf4 {[%emt 0:00:29]} 46. Rd8+ {[%emt 0:00:11]} Ka7 {[%emt 0:00:10]} 47. Rg8 {[%emt 0:00:43]} Bg3 {[%emt 0:00:51]} 48. Rg7 {[%emt 0:00:45]} Ng6 {[%emt 0:03:33]} 49. Rxf7 {[%emt 0:00:35]} e5 {[%emt 0:00:52]} 50. g5 {[%emt 0:00:28]} Nf4 {[%emt 0:00:29]} 51. Rg1 {[%emt 0:00:46]} Nxh3 {[%emt 0:00:50]} 52. g6 {[%emt 0:00:19]} Bf4 {[%emt 0:00:30]} 53. Rxf4 {[%emt 0:00:47]} Nxf4 {[%emt 0:00:10]} 54. g7 {[%emt 0:00:15]} 1-0